El desarrollo de la humanidad
Bewaard in:
| Hoofdauteur: | |
|---|---|
| Formaat: | Boek |
| Taal: | Spaans |
| Gepubliceerd in: |
Buenos Aires
Compañía General Fabril Editora
1964
|
| Onderwerpen: | |
| Tags: |
Voeg label toe
Geen labels, Wees de eerste die dit record labelt!
|
MARC
| LEADER | 00000cam a2200000 a 4500 | ||
|---|---|---|---|
| 001 | UCF8544 | ||
| 003 | CL-VaPUC | ||
| 008 | 130906e19640000ag |||||||||||||||||spa|d | ||
| 082 | 0 | 4 | |a 930 |b KUH |2 21 |
| 100 | |a Kuhn, Herbert |e author |9 570642 | ||
| 245 | 1 | 3 | |a El desarrollo de la humanidad |
| 300 | |a 287 p | ||
| 942 | |c BK | ||
| 945 | |d 20130906 13:01:00 |a dcastane | ||
| 260 | |a Buenos Aires |b Compañía General Fabril Editora |c 1964 | ||
| 650 | 0 | |a Historia antigua |9 267521 | |
| 583 | |a last modification |c 20130906 13:01:00 |k Rodrigo Vera | ||
| 999 | |c 353113 |d 353111 | ||
| 952 | |0 0 |1 0 |3 erd |4 0 |6 930_000000000000000_KUH_1964 |7 0 |8 A |9 458040 |a BIBHIS |b BIBHIS |d 2019-11-23 |i 5002214 |o 930 KUH 1964 |p 5002214 |r 2025-01-20 |w 2019-11-23 |y BK |z Catalogado en:20130906 |k HIS | ||